Football - Les 10 plus gros transferts (2002-2003) - Statistiques

Statistiques générales
  • Ce quiz a été pris 40 fois
  • Le résultat moyen est 3 sur 10
Statistiques - réponses
Rang Club Précédent Nouveau Club Montant Joueur % Correct
2 Inter Milan Real Madrid 45 000 000 € Ronaldo
77%
1 Leeds United Manchester United 46 000 000 € Rio Ferdinand
66%
5 Parme Inter Milan 23 000 000 € Fabio Cannavaro
51%
3 Lazio Rome Inter Milan 40 000 000 € Hernan Crespo
51%
4 Lazio Rome Milan AC 31 000 000 € Alessandro Nesta
43%
6 Inter Milan Milan AC 22 500 000 € Clarence Seedorf
29%
10 RC Lens Liverpool 15 000 000 € El-Hadji Diouf
17%
7 Milan AC Inter Milan 22 500 000 € Francesco Coco
3%
9 Perouse Juventus 17 700 000 € Manuele Blasi
0%
8 Parme Inter Milan 22 100 000 € Matias Almeyda
0%
Aucun quiz correspondant
Distribution des résultats
% des personnes avec chaque résultat
Percentile par nombre de réponses
Votre historique - résultats
Vous n’avez pas pris ce quiz